| 000 | 00726nam a2200253Ia 4500 | ||
|---|---|---|---|
| 003 | OSt | ||
| 005 | 20221005083329.0 | ||
| 006 | a|||||r|||| 00| 0 | ||
| 007 | ta | ||
| 008 | 221004b |||||||| |||| 00| 0 hin d | ||
| 020 |
_a8181433564 (hbk) _c350 |
||
| 024 | _a86976 | ||
| 037 |
_b41, 30/03/2007, Subham Prakashan _cTextual |
||
| 040 |
_aCRL _cCRL _bhin |
||
| 041 |
_2hin _ahin |
||
| 082 | _aO152:g(Y), P5 | ||
| 100 | _aPandey Manager | ||
| 245 | 0 | _aAlochna aur samaj | |
| 260 |
_aNew Delhi _bVani Prakashan India _c2005 |
||
| 300 |
_a297p. _ccm. |
||
| 650 | _aENGLISH LITERATURE | ||
| 942 |
_hO152:g(Y), P5 _cTEXL _2cc |
||
| 999 |
_c990691 _d990691 |
||